[Event "Vienna State-chC"]
[Site "Vienna"]
[Date "2022.09.17"]
[Round "1"]
[White "Ruck, Helmut"]
[Black "Kolm, Nino"]
[Result "0-1"]
[WhiteElo "1662"]
[BlackElo "1276"]
[PlyCount "58"]
[EventDate "2022.09.17"]
[EventType "swiss"]
[EventRounds "9"]
[EventCountry "AUT"]
[SourceTitle "CBM 210 Extra"]
[Source "ChessBase"]
[SourceDate "2022.11.30"]
[SourceVersion "1"]
[SourceVersionDate "2022.11.30"]
[SourceQuality "1"]

1. d4 Nf6 2. Nf3 c5 3. e3 Nc6 4. b3 cxd4 5. Nxd4 d5 6. Bb2 Qc7 7. Be2 e5 8. Nxc6 bxc6 9. 0-0 Bd6 10. Nd2 e4 11. h3 0-0 12. c4 Be6 13. cxd5 cxd5 14. a3 Qd7 15. b4 Bxh3 16. gxh3 Qxh3 17. f4 exf3 18. Nxf3 Ng4 19. Rf2 Bg3 20. Rg2 Nxe3 21. Bf1 Nxd1 22. Rxd1 Rfe8 23. Rxd5 Re3 24. Ne5 Bxe5 25. Bxe5 Qe6 26. Rxg7+ Kf8 27. Bc4 Rxe5 28. Rxe5 Qxe5 29. Rxf7+ Ke8 0-1